| 000 | 00626nam a22001457a 4500 | ||
|---|---|---|---|
| 005 | 20220517174423.0 | ||
| 008 | 220517b ||||| |||| 00| 0 eng d | ||
| 040 |
_aCO-BoESAP _bspa _cCO-BoESAP |
||
| 090 | 1 | _aSAN030 | |
| 100 |
_cUNA EVALUACION A LA FORMACION DE LAS ESTRATEGIAS DE FINANCIACION DEL PLAN DE DESARROLLO DEL MUNICIPIO DE BARRANCABERMEJA _dDICIEMBRE 1999 |
||
| 245 |
_aUNA EVALUACION A LA FORMACION DE LAS ESTRATEGIAS DE FINANCIACION DEL PLAN DE DESARROLLO DEL MUNICIPIO DE BARRANCABERMEJA _bESPECIALIZACION EN GESTION PUBLICA |
||
| 250 | _aMORGAN EGEA SANCHEZ | ||
| 260 | _cDICIEMBRE 1999 | ||
| 942 |
_2ddc _cTESIS |
||
| 999 |
_c165185 _d165185 |
||